Leijonat olympialaisissa 2026 - Statistics

Yleistilastot
  • Tätä visaa on pelattu 80 kertaa
    41 viimeisimmän päivityksen jälkeen
  • Keskiarvotulos 20 / 25
Vastaustilastot
% Oikein
H MikaelGranlund Anaheim Ducks
97%
H SebastianAho Carolina Hurricanes
97%
H AntonLundell Florida Panthers
94%
H RoopeHintz Dallas Stars
94%
MV JuuseSaros Nashville Predators
90%
H KaapoKakko Seattle Kraken
90%
H MikkoRantanen Dallas Stars
90%
H ArtturiLehkonen Colorado Avalanche
87%
P EsaLindell Dallas Stars
87%
P MikkoLehtonen ZSC Lions
87%
P MiroHeiskanen Dallas Stars
87%
MV KevinLankinen Vancouver Canucks
84%
P OlliMäättä Utah Mammoth
84%
H OliverKapanen Montreal Canadiens
81%
H JoelArmia Los Angeles Kings
77%
P NikoMikkola Florida Panthers
77%
H TeuvoTeräväinen Chicago Blackhawks
77%
H EeliTolvanen Seattle Kraken
74%
H EetuLuostarinen Florida Panthers
74%
H ErikHaula Nashville Predators
74%
P RasmusRistolainen Philadelphia Flyers
74%
H JoelKiviranta Colorado Avalanche
68%
P NikolasMatinpalo Ottawa Senators
68%
P HenriJokiharju Boston Bruins
61%
MV JoonasKorpisalo Boston Bruins
61%
Ehtoja vastaavia visoja ei löytynyt
Tulosjakauma
Jokaisen tuloksen saaneiden osuus
Persentiili vastausten määrän mukaan
Tuloshistoriasi
Et ole pelannut tätä visaa sen viimeisimmän päivityksen jälkeen